[Event "Rutas de Cuenca op 6th"]
[Site "Cuenca"]
[Date "2019.07.20"]
[Round "3"]
[White "Romera Gutierrez, Jose Antonio"]
[Black "Lozano Hernanz, Rodrigo"]
[Result "1-0"]
[WhiteElo "1791"]
[BlackElo "1303"]
[PlyCount "27"]
[EventDate "2019.07.19"]
[EventType "swiss"]
[EventRounds "7"]
[EventCountry "ESP"]
[SourceTitle "CBM 195 Extra"]
[Source "ChessBase"]
[SourceDate "2020.05.31"]
[SourceVersion "1"]
[SourceVersionDate "2020.05.31"]
[SourceQuality "1"]

1. b3 e5 2. Bb2 Nc6 3. e3 d5 4. Bb5 a6 5. Bxc6+ bxc6 6. Bxe5 Qg5 7. Bg3 Nf6 8. Nf3 Bg4 9. Nxg5 Bxd1 10. Kxd1 Bd6 11. Nc3 Bxg3 12. hxg3 h6 13. Ke2 Ke7 14. Nf3 1-0

[Event "Almeria Indalo op"]
[Site "Almeria"]
[Date "2015.02.27"]
[Round "2"]
[White "Romera Gutierrez, Jose Antonio"]
[Black "Weber, Francois"]
[Result "0-1"]
[WhiteElo "1819"]
[BlackElo "1866"]
[PlyCount "84"]
[EventDate "2015.02.27"]
[EventType "swiss"]
[EventRounds "7"]
[EventCountry "ESP"]
[SourceTitle "CBM 165 Extra"]
[Source "ChessBase"]
[SourceDate "2015.04.21"]
[SourceVersion "1"]
[SourceVersionDate "2015.04.21"]
[SourceQuality "1"]

1. d4 f5 2. f4 Nf6 3. e3 e6 4. Nf3 b6 5. Bd3 Bb7 6. 0-0 Be7 7. b3 0-0 8. Bb2 a5 9. a3 Qe8 10. c4 Qh5 11. Ne5 Qh6 12. Qe2 d6 13. Nf3 Ne4 14. Nc3 Nd7 15. Bxe4 fxe4 16. Nd2 Qg6 17. Nb5 c6 18. Nc3 d5 19. Kh1 Nf6 20. g4 Qxg4 21. Qf2 Nh5 22. Rg1 Qh4 23. Qxh4 Bxh4 24. Raf1 g6 25. Na4 Bd8 26. cxd5 cxd5 27. Rc1 Ng7 28. Rg2 Nf5 29. Nf1 Rc8 30. Rgc2 Rxc2 31. Rxc2 Ba6 32. Ng3 Nxe3 33. Rf2 Nd1 34. Rd2 Nxb2 35. Rxb2 Rxf4 36. Ne2 Rf2 37. Ng3 Rxb2 38. Nxb2 Bf6 39. Kg2 Bxd4 40. Nd1 Bc5 41. a4 Bd4 42. Nf2 Kg7 0-1